Statistics for Countries of Europe by population

Click here to take the quiz!

General Stats

  • This quiz has been taken 157 times
  • The average score is 28 of 44

Answer Stats

PopulationCountry% Correct
143,907,000Russia
100%
81,037,000Germany
98%
64,713,000United Kingdom
97%
64,228,000France
97%
60,925,000Italy
97%
46,354,000Spain
97%
42,959,000Ukraine
93%
38,519,000Poland
93%
800Vatican
89%
33,000San Marino
84%
19,852,000Romania
84%
75,000Andorra
79%
37,000Monaco
79%
37,132Liechtenstein
78%
16,892,000Netherlands
74%
10,775,000Greece
72%
11,241,000Belgium
72%
10,339,000Portugal
69%
424,000Malta
68%
563,000Luxembourg
65%
10,515,000Czech Republic
61%
9,757,000Sweden
61%
329,000Iceland
59%
9,851,000Hungary
58%
8,587,000Austria
58%
620,000Montenegro
51%
8,987,000Serbia
51%
9,479,000Belarus
51%
5,474,000Finland
50%
5,172,000Norway
49%
8,219,000Switzerland
48%
4,622,000Ireland
47%
5,662,000Denmark
47%
7,205,000Bulgaria
47%
4,236,000Croatia
47%
1,327,000Estonia
45%
2,883,000Albania
44%
5,423,000Slovakia
44%
2,065,000Slovenia
43%
1,987,000Latvia
43%
2,070,000Macedonia
41%
2,922,000Lithuania
40%
3,761,000Bosnia and Herzegovina
39%
4,076,000Moldova
36%

Score Distribution

Percentile by Number Answered

Percent of People with Each Score

Your Score History

You have not taken this quiz